Statistiques concernant Orthographe - Les adjectifs terminés par "eux" tirés de noms

Cliquez ici pour prendre le quiz!

Statistiques générales

  • Ce quiz a été pris 65 fois
  • Le résultat moyen est 10 sur 11

Statistiques - réponses

NomMasculin - Féminin% Correct
audaceaudacieux - audacieuse
100%
malicemalicieux - malicieuse
100%
vicevicieux - vicieuse
100%
capricecapricieux - capricieuse
100%
curiositécurieux - curieuse
97%
ambitionambitieux - ambitieuse
95%
vieillessevieux - vieille
93%
labeurlaborieux - laborieuse
86%
supersitionsuperstitieux - superstitieuse
76%
bilebilieux - bilieuse
60%
avarice (désuet)avaricieux - avaricieuse
59%

Distribution des résultats

Percentile par nombre de réponses

% des personnes avec chaque résultat

Votre développement - résultats

Vous n’avez pas pris ce quiz